000 00459nam a2200157 4500
001 132504
003 ES-MaACL
005 20230906194205.0
007 t|
008 070214s1972 sp r ||||1| spa d
100 1 _aRomero Raizabal, Ignacio.
_999428
245 1 3 _aEl prisionero de Dachau 156.270 /
_cIgnacio Romero Raizabal.
260 _aZaragoza :
_b[s. n.],
_c1972 (
_fGráf. Mola)
300 _a139 p. ;
_c22 cm.
852 _aES-MaACL
_jC-45733
_bR.82039
999 _c132504
_d132504